[Event "Poznan Chess Festival"]
[Site "chess24.com"]
[Date "2021.08.15"]
[Round "2"]
[White "Wesolowski, Edgar"]
[Black "Anand M P"]
[Result "1-0"]
[Board "26"]
[WhiteElo "1975"]
[WhiteCountry "POL"]
[WhiteFideId "1138022"]
[WhiteEloChange "2"]
[BlackElo "1392"]
[BlackCountry "IND"]
[BlackFideId "45087644"]
[BlackEloChange "-2"]

1. c4 {[%clk 1:30:58]} e5 {[%clk 1:30:58]} 2. Nc3 {[%clk 1:31:22]} Nc6 {[%clk
1:31:23]} 3. Nf3 {[%clk 1:31:47]} f5 {[%clk 1:29:57]} 4. d3 {[%clk 1:32:05]} Bb4
{[%clk 1:29:13]} 5. g3 {[%clk 1:32:03]} Nf6 {[%clk 1:27:51]} 6. Bg2 {[%clk
1:32:13]} O-O {[%clk 1:25:58]} 7. O-O {[%clk 1:32:27]} d6 {[%clk 1:25:15]} 8. Bd2
{[%clk 1:31:44]} Kh8 {[%clk 1:22:04]} 9. a3 {[%clk 1:32:01]} Bxc3 {[%clk
1:22:31]} 10. Bxc3 {[%clk 1:32:26]} Qe8 {[%clk 1:20:48]} 11. b4 {[%clk 1:32:27]}
Qh5 {[%clk 1:18:43]} 12. b5 {[%clk 1:26:53]} Ne7 {[%clk 1:19:07]} 13. Nd2 {[%clk
1:24:37]} f4 {[%clk 1:13:45]} 14. e3 {[%clk 1:22:04]} Bg4 {[%clk 1:13:20]} 15. f3
{[%clk 1:22:07]} fxg3 {[%clk 1:13:04]} 16. hxg3 {[%clk 1:22:09]} Bh3 {[%clk
1:12:36]} 17. g4 {[%clk 1:20:25]} Qh6 {[%clk 1:10:49]} 18. Qe1 {[%clk 1:16:50]}
Ng6 {[%clk 1:05:09]} 19. Ra2 {[%clk 1:09:20]} Bxg2 {[%clk 1:02:34]} 20. Kxg2
{[%clk 1:09:46]} Nh4+ {[%clk 1:02:53]} 21. Kg3 {[%clk 1:07:27]} Nh5+ {[%clk
0:58:15]} 22. Kf2 {[%clk 1:07:37]} Qg5 {[%clk 0:36:59]} 23. Ke2 {[%clk 1:06:43]}
Ng2 {[%clk 0:37:24]} 24. Qf2 {[%clk 1:07:00]} Nxe3 {[%clk 0:37:34]} 25. Qxe3
{[%clk 1:04:07]} Ng3+ {[%clk 0:38:01]} 26. Kf2 {[%clk 1:04:04]} Qxe3+ {[%clk
0:38:27]} 27. Kxe3 {[%clk 1:04:30]} Nxf1+ {[%clk 0:38:03]} 28. Nxf1 {[%clk
1:04:56]} a6 {[%clk 0:36:41]} 29. Bb4 {[%clk 1:04:54]} axb5 {[%clk 0:36:15]} 30.
cxb5 {[%clk 1:05:18]} Rf4 {[%clk 0:36:11]} 31. Rc2 {[%clk 1:05:37]} Raf8 {[%clk
0:35:29]} 32. Nd2 {[%clk 1:06:01]} R8f7 {[%clk 0:34:33]} 33. b6 {[%clk 1:06:03]}
c5 {[%clk 0:34:27]} 34. Ba5 {[%clk 0:56:35]} Kg8 {[%clk 0:31:27]} 35. Rc4 {[%clk
0:56:59]} Kf8 {[%clk 0:30:14]} 36. Rxf4 {[%clk 0:57:19]} exf4+ {[%clk 0:30:39]}
37. Ke4 {[%clk 0:57:22]} Rf6 {[%clk 0:27:07]} 38. Kd5 {[%clk 0:56:56]} Ke7 {[%clk
0:26:58]} 39. Bc3 {[%clk 0:56:53]} Rg6 {[%clk 0:25:58]} 40. Ne4 {[%clk 0:57:15]}
h5 {[%clk 0:24:19]} 41. g5 {[%clk 0:56:27]} Re6 {[%clk 0:16:28]} 42. Bxg7 {[%clk
0:56:10]} Rxe4 {[%clk 0:16:25]} 43. Kxe4 {[%clk 0:56:05]} Kf7 {[%clk 0:15:53]}
44. Bf6 {[%clk 0:56:15]} d5+ {[%clk 0:15:50]} 45. Kf5 {[%clk 0:56:11]} c4 {[%clk
0:15:19]} 46. g6+ {[%clk 0:56:27]} Kg8 {[%clk 0:15:09]} 47. dxc4 {[%clk 0:56:51]}
h4 {[%clk 0:09:37]} 48. cxd5 {[%clk 0:57:08]} h3 {[%clk 0:09:09]} 49. d6 {[%clk
0:57:29]} h2 {[%clk 0:09:22]} 50. d7 {[%clk 0:57:55]} h1=N {[%clk 0:09:22]} 51.
d8=R# {[%clk 0:57:55]} 1-0

[Event "Poznan Chess Festival"]
[Site "chess24.com"]
[Date "2021.08.15"]
[Round "2"]
[White "Glatty, Zbigniew"]
[Black "Korzystka, Wiktor"]
[Result "1-0"]
[Board "27"]
[WhiteElo "1840"]
[WhiteCountry "POL"]
[WhiteFideId "1171305"]
[WhiteEloChange "2"]
[BlackElo "1303"]
[BlackCountry "POL"]
[BlackFideId "21842787"]
[BlackEloChange "-2"]

1. e4 {[%clk 1:30:30]} e5 {[%clk 1:30:30]} 2. Nf3 {[%clk 1:30:30]} Nc6 {[%clk
1:30:30]} 3. Bb5 {[%clk 1:30:30]} Nf6 {[%clk 1:30:30]} 4. O-O {[%clk 1:30:30]} a6
{[%clk 1:30:30]} 5. Bxc6 {[%clk 1:30:30]} dxc6 {[%clk 1:30:30]} 6. Nxe5 {[%clk
1:30:30]} Bc5 {[%clk 1:30:30]} 7. d3 {[%clk 1:30:30]} Qe7 {[%clk 1:30:30]} 8. Nc4
{[%clk 1:30:30]} Bg4 {[%clk 1:30:30]} 9. Qe1 {[%clk 1:30:30]} h5 {[%clk 1:30:30]}
10. Bg5 {[%clk 1:30:30]} b5 {[%clk 1:30:30]} 11. e5 {[%clk 1:30:30]} bxc4 {[%clk
1:30:30]} 12. exf6 {[%clk 1:30:30]} Qxe1 {[%clk 1:30:30]} 13. Rxe1+ {[%clk
1:30:30]} Kd7 {[%clk 1:30:30]} 14. h3 {[%clk 1:30:30]} gxf6 {[%clk 1:30:30]} 15.
Bxf6 {[%clk 1:30:30]} Rh6 {[%clk 1:30:30]} 16. Bh4 {[%clk 1:30:30]} Be6 {[%clk
1:30:30]} 17. d4 {[%clk 1:30:30]} Bb6 {[%clk 1:30:30]} 18. c3 {[%clk 1:30:30]}
Rg8 {[%clk 1:30:30]} 19. Kh2 {[%clk 1:30:30]} c5 {[%clk 1:30:30]} 20. d5 {[%clk
1:30:30]} Bxd5 {[%clk 1:30:30]} 21. f3 {[%clk 1:30:30]} Rhg6 {[%clk 1:30:30]} 22.
Re2 {[%clk 1:30:30]} c6 {[%clk 1:30:30]} 23. Nd2 {[%clk 1:30:30]} Bc7+ {[%clk
1:30:30]} 24. Kh1 {[%clk 1:30:30]} Bf4 {[%clk 1:30:30]} 25. Ne4 {[%clk 1:30:30]}
Kc7 {[%clk 1:30:30]} 26. Nf6 {[%clk 1:30:30]} Rh8 {[%clk 1:30:30]} 27. Rd1 {[%clk
1:30:30]} Be6 {[%clk 1:30:30]} 28. Ne4 {[%clk 1:30:30]} Rhg8 {[%clk 1:30:30]} 29.
Nxc5 {[%clk 1:30:30]} Kb6 {[%clk 1:30:30]} 30. Nxe6 {[%clk 1:30:30]} fxe6 {[%clk
1:30:30]} 31. Rd4 {[%clk 1:30:30]} e5 {[%clk 1:30:30]} 32. Rxc4 {[%clk 1:30:30]}
Rd6 {[%clk 1:30:30]} 33. Rce4 {[%clk 1:30:30]} Rd1+ {[%clk 1:30:30]} 34. Re1
{[%clk 1:30:30]} Rd2 {[%clk 1:30:30]} 35. R4e2 {[%clk 1:30:30]} Rd3 {[%clk
1:30:30]} 36. Rg1 {[%clk 1:30:30]} Be3 {[%clk 1:30:30]} 37. Rxe3 {[%clk 1:30:30]}
Rxe3 {[%clk 1:30:30]} 38. Bf2 {[%clk 1:30:30]} 1-0

[Event "Poznan Chess Festival"]
[Site "chess24.com"]
[Date "2021.08.15"]
[Round "2"]
[White "Kaczmarek, Jan"]
[Black "Rusinski, Mateusz"]
[Result "1-0"]
[Board "28"]
[WhiteElo "1337"]
[WhiteCountry "POL"]
[WhiteFideId "21059276"]
[WhiteEloChange "18"]
[BlackElo "1798"]
[BlackCountry "POL"]
[BlackFideId "1144251"]
[BlackEloChange "-18"]

1. e4 {[%clk 1:30:30]} e5 {[%clk 1:30:30]} 2. Nf3 {[%clk 1:30:30]} Nc6 {[%clk
1:30:30]} 3. Bc4 {[%clk 1:30:30]} Bc5 {[%clk 1:30:30]} 4. c3 {[%clk 1:30:30]} Nf6
{[%clk 1:30:30]} 5. d4 {[%clk 1:30:30]} exd4 {[%clk 1:30:30]} 6. e5 {[%clk
1:30:30]} d5 {[%clk 1:30:30]} 7. Bb5 {[%clk 1:30:30]} Ne4 {[%clk 1:30:30]} 8.
cxd4 {[%clk 1:30:30]} Bb4+ {[%clk 1:30:30]} 9. Nbd2 {[%clk 1:30:30]} O-O {[%clk
1:30:30]} 10. h3 {[%clk 1:30:30]} Ne7 {[%clk 1:30:30]} 11. O-O {[%clk 1:30:30]}
Nxd2 {[%clk 1:30:30]} 12. Bxd2 {[%clk 1:30:30]} Bxd2 {[%clk 1:30:30]} 13. Nxd2
{[%clk 1:30:30]} c6 {[%clk 1:30:30]} 14. Bd3 {[%clk 1:30:30]} Qb6 {[%clk
1:30:30]} 15. Nb3 {[%clk 1:30:30]} Bf5 {[%clk 1:30:30]} 16. Qc2 {[%clk 1:30:30]}
Bxd3 {[%clk 1:30:30]} 17. Qxd3 {[%clk 1:30:30]} Qc7 {[%clk 1:30:30]} 18. f4
{[%clk 1:30:30]} f6 {[%clk 1:30:30]} 19. Nc5 {[%clk 1:30:30]} Qc8 {[%clk
1:30:30]} 20. e6 {[%clk 1:30:30]} f5 {[%clk 1:30:30]} 21. Nd7 {[%clk 1:30:30]}
Rd8 {[%clk 1:30:30]} 22. Rae1 {[%clk 1:30:30]} Qc7 {[%clk 1:30:30]} 23. g4 {[%clk
1:30:30]} fxg4 {[%clk 1:30:30]} 24. hxg4 {[%clk 1:30:30]} Qd6 {[%clk 1:30:30]}
25. f5 {[%clk 1:30:30]} b6 {[%clk 1:30:30]} 26. g5 {[%clk 1:30:30]} Rxd7 {[%clk
1:30:30]} 27. exd7 {[%clk 1:30:30]} Qxd7 {[%clk 1:30:30]} 28. Qf3 {[%clk
1:30:30]} Rf8 {[%clk 1:30:30]} 29. f6 {[%clk 1:30:30]} Ng6 {[%clk 1:30:30]} 30.
Qf5 {[%clk 1:30:30]} Qc7 {[%clk 1:30:30]} 31. Qe6+ {[%clk 1:30:30]} Kh8 {[%clk
1:30:30]} 32. Re3 {[%clk 1:30:30]} gxf6 {[%clk 1:30:30]} 33. gxf6 {[%clk
1:30:30]} Rf7 {[%clk 1:30:30]} 34. Qe8+ {[%clk 1:30:30]} Rf8 {[%clk 1:30:30]} 35.
f7 {[%clk 1:30:30]} Kg7 {[%clk 1:30:30]} 36. Rh3 {[%clk 1:30:30]} c5 {[%clk
1:30:30]} 37. Qe6 {[%clk 1:30:30]} Qd8 {[%clk 1:30:30]} 38. Rf5 {[%clk 1:30:30]}
Qe7 {[%clk 1:30:30]} 39. Qxe7 {[%clk 1:30:30]} Nxe7 {[%clk 1:30:30]} 40. Rfh5
{[%clk 1:30:30]} Kxf7 {[%clk 1:30:30]} 41. Rxh7+ {[%clk 1:30:30]} Ke8 {[%clk
1:30:30]} 42. Re3 {[%clk 1:30:30]} Rf7 {[%clk 1:30:30]} 43. Rxf7 {[%clk 1:30:30]}
Kxf7 {[%clk 1:30:30]} 44. dxc5 {[%clk 1:30:30]} bxc5 {[%clk 1:30:30]} 45. Ra3
{[%clk 1:30:30]} Ke6 {[%clk 1:30:30]} 46. Rxa7 {[%clk 1:30:30]} Kd6 {[%clk
1:30:30]} 47. Kf2 {[%clk 1:30:30]} Nc6 {[%clk 1:30:30]} 48. Ra6 {[%clk 1:30:30]}
Kc7 {[%clk 1:30:30]} 49. Ke2 {[%clk 1:30:30]} Kb7 {[%clk 1:30:30]} 50. Ra3 {[%clk
1:30:30]} Kb6 {[%clk 1:30:30]} 51. Rh3 {[%clk 1:30:30]} Nd4+ {[%clk 1:30:30]} 52.
Kd3 {[%clk 1:30:30]} Nc6 {[%clk 1:30:30]} 53. Kc3 {[%clk 1:30:30]} Kb5 {[%clk
1:30:30]} 54. Rh5 {[%clk 1:30:30]} d4+ {[%clk 1:30:30]} 55. Kb3 {[%clk 1:30:30]}
Na5+ {[%clk 1:30:30]} 56. Kc2 {[%clk 1:30:30]} Kb4 {[%clk 1:30:30]} 57. a3+
{[%clk 1:30:30]} Kc4 {[%clk 1:30:30]} 58. Rh3 {[%clk 1:30:30]} Nc6 {[%clk
1:30:30]} 59. b3+ {[%clk 1:30:30]} Kd5 {[%clk 1:30:30]} 60. Rh5+ {[%clk 1:30:30]}
Kd6 {[%clk 1:30:30]} 61. Kd3 {[%clk 1:30:30]} Ne5+ {[%clk 1:30:30]} 62. Ke4
{[%clk 1:30:30]} Nf7 {[%clk 1:30:30]} 63. Rf5 {[%clk 1:30:30]} Ke6 {[%clk
1:30:30]} 64. Rxc5 {[%clk 1:30:30]} 1-0

[Event "Poznan Chess Festival"]
[Site "chess24.com"]
[Date "2021.08.15"]
[Round "2"]
[White "Kierska, Pola"]
[Black "Sobczak, Miroslaw"]
[Result "0-1"]
[Board "29"]
[WhiteElo "1107"]
[WhiteCountry "POL"]
[WhiteFideId "21854262"]
[WhiteEloChange "-2"]
[BlackElo "1748"]
[BlackCountry "POL"]
[BlackFideId "1114182"]
[BlackEloChange "2"]

1. e4 {[%clk 1:30:30]} e6 {[%clk 1:30:30]} 2. d4 {[%clk 1:30:30]} d5 {[%clk
1:30:30]} 3. exd5 {[%clk 1:30:30]} exd5 {[%clk 1:30:30]} 4. Bd3 {[%clk 1:30:30]}
Bd6 {[%clk 1:30:30]} 5. Nf3 {[%clk 1:30:30]} Bg4 {[%clk 1:30:30]} 6. h3 {[%clk
1:30:30]} Bh5 {[%clk 1:30:30]} 7. Qe2+ {[%clk 1:30:30]} Ne7 {[%clk 1:30:30]} 8.
g4 {[%clk 1:30:30]} Bg6 {[%clk 1:30:30]} 9. Bxg6 {[%clk 1:30:30]} hxg6 {[%clk
1:30:30]} 10. Qb5+ {[%clk 1:30:59]} Nbc6 {[%clk 1:30:30]} 11. Qxb7 {[%clk
1:30:59]} O-O {[%clk 1:30:30]} 12. Qb5 {[%clk 1:30:59]} Re8 {[%clk 1:30:30]} 13.
O-O {[%clk 1:30:59]} f6 {[%clk 1:30:30]} 14. c3 {[%clk 1:30:59]} Kf7 {[%clk
1:30:30]} 15. b3 {[%clk 1:30:59]} Qd7 {[%clk 1:30:30]} 16. Ba3 {[%clk 1:30:59]}
Rh8 {[%clk 1:30:30]} 17. Kg2 {[%clk 1:30:59]} Rxh3 {[%clk 1:30:30]} 18. Bxd6
{[%clk 1:30:59]} a6 {[%clk 1:30:30]} 19. Qd3 {[%clk 1:30:59]} Qxg4+ {[%clk
1:30:30]} 20. Bg3 {[%clk 1:30:59]} Nf5 {[%clk 1:30:30]} 21. Nh2 {[%clk 1:30:59]}
Nh4+ {[%clk 1:30:30]} 22. Kg1 {[%clk 1:30:59]} Rxh2 {[%clk 1:30:30]} 23. Kxh2
{[%clk 1:30:59]} Rh8 {[%clk 1:30:30]} 24. Rh1 {[%clk 1:30:59]} Nf3+ {[%clk
1:30:30]} 25. Kg2 {[%clk 1:30:59]} Rxh1 {[%clk 1:30:30]} 26. Kxh1 {[%clk
1:30:59]} Qh3+ {[%clk 1:30:30]} 27. Bh2 {[%clk 1:30:59]} Qxh2# {[%clk 1:30:30]}
0-1

[Event "Poznan Chess Festival"]
[Site "chess24.com"]
[Date "2021.08.15"]
[Round "2"]
[White "Michalski, Karol"]
[Black "Niemier, Martyna"]
[Result "1-0"]
[Board "30"]
[WhiteElo "2010"]
[WhiteCountry "POL"]
[WhiteFideId "1110845"]
[WhiteEloChange "2"]
[BlackElo "1204"]
[BlackCountry "POL"]
[BlackFideId "21811776"]
[BlackEloChange "-2"]

1. d4 {[%clk 1:30:30]} d5 {[%clk 1:30:30]} 2. Bf4 {[%clk 1:30:30]} Nf6 {[%clk
1:30:30]} 3. e3 {[%clk 1:30:30]} Bf5 {[%clk 1:30:30]} 4. Bd3 {[%clk 1:30:30]}
Bxd3 {[%clk 1:30:30]} 5. Qxd3 {[%clk 1:30:30]} e6 {[%clk 1:30:30]} 6. Nf3 {[%clk
1:30:30]} Nbd7 {[%clk 1:30:30]} 7. Nbd2 {[%clk 1:30:30]} c5 {[%clk 1:30:30]} 8.
O-O {[%clk 1:30:30]} Be7 {[%clk 1:30:30]} 9. e4 {[%clk 1:30:30]} h6 {[%clk
1:30:30]} 10. c4 {[%clk 1:30:30]} dxc4 {[%clk 1:30:30]} 11. Nxc4 {[%clk 1:30:30]}
cxd4 {[%clk 1:30:30]} 12. Nd6+ {[%clk 1:30:30]} Bxd6 {[%clk 1:30:30]} 13. Bxd6
{[%clk 1:30:30]} Qb6 {[%clk 1:30:30]} 14. e5 {[%clk 1:30:30]} Nd5 {[%clk
1:30:30]} 15. Rfc1 {[%clk 1:30:30]} Qxb2 {[%clk 1:30:30]} 16. Nxd4 {[%clk
1:30:30]} f6 {[%clk 1:30:30]} 17. Qg6+ {[%clk 1:30:30]} Kd8 {[%clk 1:30:30]} 18.
Nxe6# {[%clk 1:30:30]} 1-0

[Event "Poznan Chess Festival"]
[Site "chess24.com"]
[Date "2021.08.15"]
[Round "2"]
[White "Zakrzewski, Bartosz"]
[Black "Miedziak, Mikolaj"]
[Result "1/2-1/2"]
[Board "31"]
[WhiteElo "1578"]
[WhiteCountry "POL"]
[WhiteFideId "1176196"]
[WhiteEloChange "-8"]
[BlackElo "1181"]
[BlackCountry "POL"]
[BlackFideId "21070580"]
[BlackEloChange "8"]

1. e4 {[%clk 1:30:30]} c5 {[%clk 1:30:30]} 2. Nf3 {[%clk 1:30:30]} e6 {[%clk
1:30:30]} 3. c3 {[%clk 1:30:30]} d5 {[%clk 1:30:30]} 4. exd5 {[%clk 1:30:30]}
Qxd5 {[%clk 1:30:30]} 5. d4 {[%clk 1:30:30]} Nf6 {[%clk 1:30:30]} 6. Be2 {[%clk
1:30:30]} Be7 {[%clk 1:30:30]} 7. O-O {[%clk 1:30:30]} O-O {[%clk 1:30:30]} 8.
Be3 {[%clk 1:30:30]} cxd4 {[%clk 1:30:30]} 9. cxd4 {[%clk 1:30:30]} Nc6 {[%clk
1:30:30]} 10. Nc3 {[%clk 1:30:30]} Qd7 {[%clk 1:30:30]} 11. Bb5 {[%clk 1:30:30]}
a6 {[%clk 1:30:30]} 12. Qa4 {[%clk 1:30:30]} Qc7 {[%clk 1:30:30]} 13. Bxc6 {[%clk
1:30:30]} Qxc6 {[%clk 1:30:30]} 14. Qxc6 {[%clk 1:30:30]} bxc6 {[%clk 1:30:30]}
15. Ne5 {[%clk 1:30:30]} Bb7 {[%clk 1:30:30]} 16. Rac1 {[%clk 1:30:30]} Bd6
{[%clk 1:30:30]} 17. Na4 {[%clk 1:30:30]} Bxe5 {[%clk 1:30:30]} 18. dxe5 {[%clk
1:30:30]} Nd7 {[%clk 1:30:30]} 19. f4 {[%clk 1:30:30]} Rac8 {[%clk 1:30:30]} 20.
Rfd1 {[%clk 1:30:30]} Rfd8 {[%clk 1:30:30]} 21. Rd3 {[%clk 1:30:30]} Kf8 {[%clk
1:30:30]} 22. Rcd1 {[%clk 1:30:30]} Ke8 {[%clk 1:30:30]} 23. b4 {[%clk 1:30:30]}
Ra8 {[%clk 1:30:30]} 24. Kf2 {[%clk 1:30:30]} a5 {[%clk 1:30:30]} 25. Nb6 {[%clk
1:30:30]} Nxb6 {[%clk 1:30:30]} 26. Rxd8+ {[%clk 1:30:30]} Rxd8 {[%clk 1:30:30]}
27. Rxd8+ {[%clk 1:30:30]} Kxd8 {[%clk 1:30:30]} 28. Bxb6+ {[%clk 1:30:30]} Kd7
{[%clk 1:30:30]} 29. Bxa5 {[%clk 1:30:30]} Ba6 {[%clk 1:30:30]} 30. a4 {[%clk
1:30:30]} Bc4 {[%clk 1:30:30]} 31. Bb6 {[%clk 1:30:30]} Ke7 {[%clk 1:30:30]} 32.
Ke3 {[%clk 1:30:30]} Bb3 {[%clk 1:30:30]} 33. a5 {[%clk 1:30:30]} Bc4 {[%clk
1:30:30]} 34. Kd4 {[%clk 1:30:30]} Bb5 {[%clk 1:30:30]} 35. Bc7 {[%clk 1:30:30]}
Kd7 {[%clk 1:30:30]} 36. Bd6 {[%clk 1:30:30]} g6 {[%clk 1:30:30]} 37. Kc5 {[%clk
1:30:30]} Kc8 {[%clk 1:30:30]} 38. Kb6 {[%clk 1:30:30]} Bf1 {[%clk 1:30:30]} 39.
a6 {[%clk 1:30:30]} Bxg2 {[%clk 1:30:30]} 40. a7 {[%clk 1:30:30]} c5 {[%clk
1:30:30]} 41. Bxc5 {[%clk 1:30:30]} Ba8 {[%clk 1:30:30]} 42. h4 {[%clk 1:30:30]}
Bh1 {[%clk 1:30:30]} 43. b5 {[%clk 1:30:30]} Ba8 {[%clk 1:30:30]} 44. Be7 {[%clk
1:30:30]} Bh1 {[%clk 1:30:30]} 45. Kc5 {[%clk 1:30:30]} Kb7 {[%clk 1:30:30]} 46.
b6 {[%clk 1:30:30]} Kc8 {[%clk 1:30:30]} 47. Kd6 {[%clk 1:30:30]} Ba8 {[%clk
1:30:30]} 48. Bf6 {[%clk 1:30:30]} Be4 {[%clk 1:30:30]} 49. Kc5 {[%clk 1:30:30]}
Ba8 {[%clk 1:30:30]} 50. Kd6 {[%clk 1:30:30]} Be4 {[%clk 1:30:30]} 51. Kc5 {[%clk
1:30:30]} h5 {[%clk 1:30:30]} 52. Kd6 {[%clk 1:30:30]} Bh1 {[%clk 1:30:30]} 53.
Kc5 {[%clk 1:30:30]} Bf3 {[%clk 1:30:30]} 54. Kd6 {[%clk 1:30:30]} Be4 {[%clk
1:30:30]} 55. Ke7 {[%clk 1:30:30]} Kb7 {[%clk 1:30:30]} 56. Kxf7 {[%clk 1:30:30]}
Bf5 {[%clk 1:30:30]} 57. Ke7 {[%clk 1:30:30]} Ka8 {[%clk 1:30:30]} 58. Kd7 {[%clk
1:30:30]} Kb7 {[%clk 1:30:30]} 59. Kd6 {[%clk 1:30:30]} Ka8 {[%clk 1:30:30]} 60.
Kc7 {[%clk 1:30:30]} Be4 {[%clk 1:30:30]} 61. Kd7 {[%clk 1:30:30]} Bf5 {[%clk
1:30:30]} 62. Ke7 {[%clk 1:30:30]} Kb7 {[%clk 1:30:30]} 63. Kd7 {[%clk 1:30:30]}
Ka8 {[%clk 1:30:30]} 64. Kc7 {[%clk 1:30:30]} Be4 {[%clk 1:30:30]} 65. f5 {[%clk
1:30:30]} gxf5 {[%clk 1:30:30]} 66. Kd6 {[%clk 1:30:30]} Bd5 {[%clk 1:30:30]}
1/2-1/2

[Event "Poznan Chess Festival"]
[Site "chess24.com"]
[Date "2021.08.15"]
[Round "2"]
[White "Jagodzinski, Alan"]
[Black "Wojciechowski, Mateusz"]
[Result "1-0"]
[Board "32"]
[WhiteElo "1460"]
[WhiteCountry "POL"]
[WhiteFideId "21899983"]
[WhiteEloChange "3"]
[BlackElo "1171"]
[BlackCountry "POL"]
[BlackFideId "21081050"]
[BlackEloChange "-3"]

1. e4 {[%clk 1:30:30]} c5 {[%clk 1:30:30]} 2. Nf3 {[%clk 1:30:30]} g6 {[%clk
1:30:30]} 3. d4 {[%clk 1:30:30]} cxd4 {[%clk 1:30:30]} 4. Nxd4 {[%clk 1:30:30]}
Nc6 {[%clk 1:30:30]} 5. c4 {[%clk 1:30:30]} Bg7 {[%clk 1:30:30]} 6. Be3 {[%clk
1:30:30]} Nf6 {[%clk 1:30:30]} 7. Nc3 {[%clk 1:30:30]} d6 {[%clk 1:30:30]} 8. Be2
{[%clk 1:30:30]} O-O {[%clk 1:30:30]} 9. O-O {[%clk 1:30:30]} Bd7 {[%clk
1:30:30]} 10. Qd2 {[%clk 1:30:30]} a6 {[%clk 1:30:30]} 11. f3 {[%clk 1:30:30]}
Rc8 {[%clk 1:30:30]} 12. Rac1 {[%clk 1:30:30]} Ne5 {[%clk 1:30:30]} 13. b3 {[%clk
1:30:30]} Re8 {[%clk 1:30:30]} 14. Rfd1 {[%clk 1:30:30]} Qa5 {[%clk 1:30:30]} 15.
Nd5 {[%clk 1:30:30]} Qxd2 {[%clk 1:30:30]} 16. Rxd2 {[%clk 1:30:30]} Nxd5 {[%clk
1:30:30]} 17. exd5 {[%clk 1:30:30]} b5 {[%clk 1:30:30]} 18. h3 {[%clk 1:30:30]}
bxc4 {[%clk 1:30:30]} 19. bxc4 {[%clk 1:30:30]} f5 {[%clk 1:30:30]} 20. f4 {[%clk
1:30:30]} Nf7 {[%clk 1:30:30]} 21. Rb1 {[%clk 1:30:30]} e5 {[%clk 1:30:30]} 22.
dxe6 {[%clk 1:30:30]} Bxe6 {[%clk 1:30:30]} 23. Nxe6 {[%clk 1:30:30]} Rxe6 {[%clk
1:30:30]} 24. Kf2 {[%clk 1:30:30]} Rce8 {[%clk 1:30:30]} 25. Rb3 {[%clk 1:30:30]}
h6 {[%clk 1:30:30]} 26. Bf3 {[%clk 1:30:30]} Rc8 {[%clk 1:30:30]} 27. Bd5 {[%clk
1:30:30]} Re7 {[%clk 1:30:30]} 28. Rb6 {[%clk 1:30:30]} Rce8 {[%clk 1:30:30]} 29.
Rb3 {[%clk 1:30:30]} Rd8 {[%clk 1:30:30]} 30. Ra3 {[%clk 1:30:30]} a5 {[%clk
1:30:30]} 31. Bb6 {[%clk 1:30:30]} Rb8 {[%clk 1:30:30]} 32. Bxa5 {[%clk 1:30:30]}
Ra7 {[%clk 1:30:30]} 33. Bb4 {[%clk 1:30:30]} 1-0

[Event "Poznan Chess Festival"]
[Site "chess24.com"]
[Date "2021.08.15"]
[Round "2"]
[White "Pieczewska, Gabriela"]
[Black "Bebenek, Anna"]
[Result "1-0"]
[Board "33"]
[WhiteElo "1169"]
[WhiteCountry "POL"]
[WhiteFideId "1195158"]
[WhiteEloChange "17"]
[BlackElo "1455"]
[BlackCountry "POL"]
[BlackFideId "1143417"]
[BlackEloChange "-17"]

1. c4 {[%clk 1:30:30]} e5 {[%clk 1:30:30]} 2. Nc3 {[%clk 1:30:30]} Nc6 {[%clk
1:30:30]} 3. g3 {[%clk 1:30:30]} g6 {[%clk 1:30:30]} 4. Bg2 {[%clk 1:30:30]} Bg7
{[%clk 1:30:30]} 5. e3 {[%clk 1:30:30]} Nge7 {[%clk 1:30:30]} 6. Nge2 {[%clk
1:30:30]} d6 {[%clk 1:30:30]} 7. O-O {[%clk 1:30:30]} f5 {[%clk 1:30:30]} 8. d4
{[%clk 1:30:30]} exd4 {[%clk 1:30:30]} 9. exd4 {[%clk 1:30:30]} O-O {[%clk
1:30:30]} 10. b3 {[%clk 1:30:30]} a6 {[%clk 1:30:30]} 11. Re1 {[%clk 1:30:30]}
Kh8 {[%clk 1:30:30]} 12. Rb1 {[%clk 1:30:30]} Ng8 {[%clk 1:30:30]} 13. Bf4 {[%clk
1:30:30]} g5 {[%clk 1:30:30]} 14. Bc1 {[%clk 1:30:30]} h6 {[%clk 1:30:30]} 15.
Bb2 {[%clk 1:30:30]} f4 {[%clk 1:30:30]} 16. f3 {[%clk 1:30:30]} h5 {[%clk
1:30:30]} 17. d5 {[%clk 1:30:30]} Ne5 {[%clk 1:30:30]} 18. Nd4 {[%clk 1:30:30]}
h4 {[%clk 1:30:30]} 19. g4 {[%clk 1:30:30]} Nf6 {[%clk 1:30:30]} 20. Ne4 {[%clk
1:30:30]} Nfxg4 {[%clk 1:30:30]} 21. fxg4 {[%clk 1:30:30]} Bxg4 {[%clk 1:30:30]}
22. Bf3 {[%clk 1:30:30]} Nxf3+ {[%clk 1:30:30]} 23. Nxf3 {[%clk 1:30:30]} Bxb2
{[%clk 1:30:30]} 24. Rxb2 {[%clk 1:30:30]} Bh5 {[%clk 1:30:30]} 25. Qd4+ {[%clk
1:30:30]} Kg8 {[%clk 1:30:30]} 26. Nexg5 {[%clk 1:30:30]} Rf5 {[%clk 1:30:30]}
27. Rg2 {[%clk 1:30:30]} 1-0

[Event "Poznan Chess Festival"]
[Site "chess24.com"]
[Date "2021.08.15"]
[Round "2"]
[White "Huchwajda, Grzegorz"]
[Black "Nawrocki, Michal"]
[Result "1-0"]
[Board "34"]
[WhiteElo "1440"]
[WhiteCountry "POL"]
[WhiteFideId "21806357"]
[WhiteEloChange "3"]
[BlackElo "1165"]
[BlackCountry "POL"]
[BlackFideId "21097933"]
[BlackEloChange "-3"]

1. e4 {[%clk 1:30:30]} e6 {[%clk 1:30:30]} 2. d4 {[%clk 1:30:30]} d5 {[%clk
1:30:30]} 3. Nd2 {[%clk 1:30:30]} Nf6 {[%clk 1:30:30]} 4. e5 {[%clk 1:30:30]}
Nfd7 {[%clk 1:30:30]} 5. f4 {[%clk 1:30:30]} c5 {[%clk 1:30:30]} 6. c3 {[%clk
1:30:30]} Nc6 {[%clk 1:30:30]} 7. Ndf3 {[%clk 1:30:30]} Be7 {[%clk 1:30:30]} 8.
Kf2 {[%clk 1:30:30]} a6 {[%clk 1:30:30]} 9. g3 {[%clk 1:30:30]} b5 {[%clk
1:30:30]} 10. a3 {[%clk 1:30:30]} Bb7 {[%clk 1:30:30]} 11. Kg2 {[%clk 1:30:30]}
c4 {[%clk 1:30:30]} 12. h4 {[%clk 1:30:30]} Nb6 {[%clk 1:30:30]} 13. Ng5 {[%clk
1:30:30]} Na5 {[%clk 1:30:30]} 14. Be3 {[%clk 1:30:30]} Nb3 {[%clk 1:30:30]} 15.
Rb1 {[%clk 1:30:30]} Na4 {[%clk 1:30:30]} 16. N1f3 {[%clk 1:30:30]} Bxa3 {[%clk
1:30:30]} 17. Nxf7 {[%clk 1:30:30]} Kxf7 {[%clk 1:30:30]} 18. Ng5+ {[%clk
1:30:30]} Ke7 {[%clk 1:30:30]} 19. Qh5 {[%clk 1:30:30]} g6 {[%clk 1:30:30]} 20.
Qg4 {[%clk 1:30:30]} Qd7 {[%clk 1:30:30]} 21. bxa3 {[%clk 1:30:30]} h5 {[%clk
1:30:30]} 22. Qh3 {[%clk 1:30:30]} Nxc3 {[%clk 1:30:30]} 23. Re1 {[%clk 1:30:30]}
Nc5 {[%clk 1:30:30]} 24. Kh2 {[%clk 1:30:30]} N5e4 {[%clk 1:30:30]} 25. Bg2
{[%clk 1:30:30]} Nxg5 {[%clk 1:30:30]} 26. fxg5 {[%clk 1:30:30]} Na4 {[%clk
1:30:30]} 27. Rhf1 {[%clk 1:30:30]} Rhf8 {[%clk 1:30:30]} 28. Rf6 {[%clk
1:30:30]} Rxf6 {[%clk 1:30:30]} 29. gxf6+ {[%clk 1:30:30]} Kf7 {[%clk 1:30:30]}
30. g4 {[%clk 1:30:30]} hxg4 {[%clk 1:30:30]} 31. Qxg4 {[%clk 1:30:30]} Rh8
{[%clk 1:30:30]} 32. Bh3 {[%clk 1:30:30]} Rg8 {[%clk 1:30:30]} 33. h5 {[%clk
1:30:30]} Qe8 {[%clk 1:30:30]} 34. Rg1 {[%clk 1:30:30]} g5 {[%clk 1:30:30]} 35.
h6 {[%clk 1:30:30]} Rg6 {[%clk 1:30:30]} 36. Bxg5 {[%clk 1:30:30]} Bc8 {[%clk
1:30:30]} 37. Qh5 {[%clk 1:30:30]} Kg8 {[%clk 1:30:30]} 38. Rf1 {[%clk 1:30:30]}
Qf7 {[%clk 1:30:30]} 39. Qh4 {[%clk 1:30:30]} Kh7 {[%clk 1:30:30]} 40. Bg4 {[%clk
1:30:30]} Rg8 {[%clk 1:30:30]} 41. Bh5 {[%clk 1:30:30]} Qf8 {[%clk 1:30:30]} 42.
f7 {[%clk 1:30:30]} Rh8 {[%clk 1:30:30]} 1-0